|
|
|
|
| LEADER |
01271ncm a2200337 a 4500 |
| 001 |
000929651 |
| 003 |
CZ BrMZK |
| 005 |
20090226104258.0 |
| 007 |
qu |
| 008 |
090210q2008 xr dfa g || cze d |
| 024 |
2 |
|
|a 979-0-66055-628-3
|
| 028 |
2 |
1 |
|a 10-0105
|b Kubešovo hudební vydavatelství
|
| 040 |
|
|
|a BOA001
|b cze
|
| 048 |
|
|
|b vu02
|a of01
|
| 072 |
|
7 |
|a 785
|x Instrumentální hudba. Symfonická hudba. Hudba pro více nástrojů
|2 Konspekt
|9 9
|
| 080 |
|
|
|a 785.12:784.9
|2 MRF
|
| 080 |
|
|
|a 784.9.085.2
|2 MRF
|
| 080 |
|
|
|a 785.12
|2 MRF
|
| 080 |
|
|
|a 78.087
|2 MRF
|
| 100 |
1 |
|
|a Kubeš, Ladislav,
|d 1924-1998
|7 jo2003183953
|4 arr
|
| 245 |
1 |
0 |
|a Ještě husy nekejhaly
|h [hudebnina] :
|b polka /
|c upr. + arr. Ladislav Kubeš ; text lidový
|
| 260 |
|
|
|a Praha :
|b Kubešovo hudební vydavatelství,
|c [2008?]
|
| 300 |
|
|
|a 24 hlasů ;
|c 30 cm
|
| 650 |
0 |
7 |
|a dechová hudba (zpěv (2), dechový orchestr)
|7 ph321438
|2 czenas
|
| 650 |
0 |
7 |
|a polky (zpěv (2), dechový orchestr)
|7 ph321604
|2 czenas
|
| 650 |
0 |
7 |
|a dechová hudba
|7 ph119353
|z Česko
|y 20. stol.
|2 czenas
|
| 655 |
|
7 |
|a hlasy
|7 fd186703
|2 czenas
|
| 910 |
|
|
|a BOA001
|b Mus4-1216.619
|
| 990 |
|
|
|a MU
|
| 991 |
|
|
|b 200902
|c NOV
|
| 996 |
6 |
|
|b 2610366724
|c Mus4-1216.619
|l MZK
|r Sklad / do 1 hodiny
|n 2
|w 000929651
|u 000010
|a 1
|e BOA001
|j MZK50
|s P
|